Normal view
MARC view
Entry Topical Term
001 - CONTROL NUMBER
- control field: 15469
003 - CONTROL NUMBER IDENTIFIER
- control field: BD-RjUL
005 - DATE AND TIME OF LATEST TRANSACTION
- control field: 20250517164234.0
008 - FIXED-LENGTH DATA ELEMENTS
- fixed length control field: 250517|| aca||aabn | a|a d
040 ## - CATALOGING SOURCE
- Original cataloging agency: BD-RjUL
- Transcribing agency: BD-RjUL
150 ## - HEADING--TOPICAL TERM
- Topical term or geographic name entry element: Literature, Modern
- Chronological subdivision: 19th century
- General subdivision: History and criticism
670 ## - SOURCE DATA FOUND
- Source citation: Work cat.: (BD-RjUL)84930: Wilson, Edmund, 1895-1972. 15467, Axel's castle :, 1959